000
00341nam a22001577a 4500
003
OSt
008
230530b |||||||| |||| 00| 0 eng d
041
_a
eng
082
_a
658.4034
_b
PAN/OP
100
_a
Panneerselvam, R
_9
5477
245
_a
Operation Research
250
_a
3
260
_a
Delhi
_b
PHI
_c
2023
300
_a
628
942
_c
BK
999
_c
17709
_d
17709